000 006380000a22001210004500
100 1 _aGonzález A, Juan Carlos
245 1 0 _aLa habitación del pánico : El 24 de noviembre se estrena Al final del espectro
300 _aVol.0, núm.14 (Noviembre, 2006), Página 26
500 _aMédico, Crítico de cine.
520 _aUn equipo de cineastas paisas está dispuesto a demostrar que se puede hacer cine de género con calidad en Colombia. Por ello, filmó una película de horror tan prometedora que se están negociando sus derechos en Estados Unidos. ¿Quienes son?
773 0 _tArcadia / Andrés Felipe Solano, Editor
942 _cANA
999 _c61857
_d61857